<Le> Secteur public au XXIe siecle repenser le leadership
Gespeichert in:
| Format: | Buch |
|---|---|
| Sprache: | Französisch |
| Veröffentlicht: |
Paris
OECD
2001
|
| Schriftenreihe: | Gouvernance
|
| Schlagworte: | |
| Tags: |
Keine Tags, Fügen Sie das erste Tag hinzu!
|
MARC
| LEADER | 00000nam a2200000 4500 | ||
|---|---|---|---|
| 001 | c130222 | ||
| 005 | 20221221091610.5 | ||
| 020 | |a 92-64-29529-1 | ||
| 041 | 0 | |a fre | |
| 044 | |a FR | ||
| 245 | 1 | 0 | |a <Le> Secteur public au XXIe siecle |b repenser le leadership |
| 264 | 1 | |a Paris |b OECD |c 2001 | |
| 300 | |a 111 s. | ||
| 490 | 1 | |a Gouvernance | |
| 830 | 0 | |a Gouvernance | |
| 610 | 2 | 0 | |a sektor verejný |
| 610 | 2 | 0 | |a riadenie |
| 610 | 2 | 0 | |a svet |
| 610 | 2 | 0 | |a OECD |